[Event "Saraybahce GP"]
[Site "Kocaeli TUR"]
[Date "2002.08.24"]
[Round "8"]
[White "Szuhanek,R"]
[Black "Arduman,C"]
[Result "1/2-1/2"]
[WhiteElo "2440"]
[BlackElo "2358"]

1.Nf3 Nf6 2.c4 g6 3.Nc3 Bg7 4.e4 d6 5.d4 O-O 6.Be2 e5 7.O-O Na6 8.Re1 Qe8
9.Bf1 Bg4 10.d5 Nb4 11.Be2 a5 12.Be3 b6 13.a3 Na6 14.Qc2 Kh8 15.b3 Bd7 16.Rab1 Ng4
17.Bd2 f5 18.b4 axb4 19.axb4 Nf6 20.Bd3 Qc8 21.Qb3 fxe4 22.Nxe4 Nh5 23.c5 bxc5
24.bxc5 Nxc5 25.Nxc5 dxc5 26.Bc3 Bg4 27.Nxe5 Bf5 28.Nc6 Bxd3 29.Bxg7+ Nxg7
30.Qxd3 Qf5 31.Qxf5 Rxf5 32.Re5 Rxe5 33.Nxe5 Nf5 34.g4 Nd6 35.Rc1 Re8 36.f4  1/2-1/2

[Event "Open"]
[Site "Nikea GRE"]
[Date "2002.08.24"]
[Round "6"]
[White "Kalesis,N"]
[Black "Goumas,I"]
[Result "1-0"]
[WhiteElo "2411"]
[BlackElo "2195"]

1.d4 Nf6 2.c4 g6 3.Nc3 Bg7 4.e4 d6 5.Be2 O-O 6.Nf3 e5 7.Be3 Qe7 8.d5 Ng4
9.Bg5 f6 10.Bh4 a5 11.Nd2 h5 12.a3 Nh6 13.f3 Nf7 14.O-O Bh6 15.Bf2 f5 16.Rc1 a4
17.Bd3 Bd7 18.Qc2 Na6 19.Rcd1 f4 20.Nxa4 g5 21.Nc3 Nc5 22.Be2 g4 23.fxg4 hxg4
24.b4 Qg5 25.bxc5 Rxa3 26.Kh1 Kg7 27.Nb5 Bxb5 28.cxb5 Qh5 29.Bg1 Rh8 30.b6 Rg3
31.bxc7 f3 32.Bxf3 Be3 33.c8=Q Rh6 34.Qxg4+ Rxg4 35.Bxg4 Qh4 36.Nf3  1-0

[Event "Open"]
[Site "Birstonas LIT"]
[Date "2002.08.25"]
[Round "9"]
[White "Frey,K"]
[Black "Dzjuba,V"]
[Result "1-0"]
[WhiteElo "2400"]
[BlackElo "2283"]

1.d4 Nf6 2.c4 g6 3.Nc3 Bg7 4.e4 d6 5.Nf3 O-O 6.Be2 e5 7.Be3 Ng4 8.Bg5 f6
9.Bh4 Nc6 10.d5 Ne7 11.Nd2 Nh6 12.f3 g5 13.Bf2 f5 14.c5 Ng6 15.cxd6 cxd6
16.g3 g4 17.fxg4 Nxg4 18.Bxg4 fxg4 19.Nc4 Bh6 20.O-O Nh8 21.Be3 Bxe3+ 22.Nxe3 Rxf1+
23.Qxf1 Nf7 24.Qe2 Qg5 25.Nb5 Bd7 26.Nc7 Rf8 27.Ne6 Bxe6 28.dxe6 Nd8 29.Rd1 Nxe6
30.Rxd6 Rf3 31.Nf5 Qc1+ 32.Kg2 Kf7 33.Rd1 Qc6 34.Nh6+ Kg7 35.Nxg4 Rf4 36.Rd5 h5
37.Nxe5 Qa4 38.Nc4 b5 39.b3 Qb4 40.Qxh5 bxc4 41.Rd7+  1-0

[Event "22nd Open"]
[Site "Bratto ITA"]
[Date "2002.08.25"]
[Round "6"]
[White "Castaldo,F"]
[Black "Lanzani,M"]
[Result "1-0"]
[WhiteElo "2319"]
[BlackElo "2349"]

1.Nf3 Nf6 2.c4 g6 3.Nc3 Bg7 4.e4 d6 5.d4 O-O 6.Be2 e5 7.d5 a5 8.Bg5 h6 9.Bh4 Na6
10.Nd2 Bd7 11.O-O Qe8 12.b3 Nh7 13.a3 h5 14.f3 Bh6 15.Kh1 Be3 16.Rb1 Bc5
17.Qc1 f5 18.exf5 gxf5 19.Na2 Be3 20.Qc3 Bd4 21.Qc2 c6 22.dxc6 bxc6 23.b4 axb4
24.axb4 Nc7 25.Nb3 Ne6 26.Rfd1 c5 27.Nc3 Nf4 28.Bf1 Ng6 29.Bf2 Ng5 30.bxc5 dxc5
31.Nxc5 Bc6 32.Nd5 Bxf2 33.Qxf2 h4 34.Nc7 Qe7 35.Nxa8 Rxa8 36.Rb6 Rc8 37.Rdb1 Qg7
38.Nd3 f4 39.Nb4 Ba8 40.Nd5 Bxd5 41.cxd5 e4 42.Rb7 Rc7 43.Qa7  1-0

[Event "Saraybahce GP"]
[Site "Kocaeli TUR"]
[Date "2002.08.25"]
[Round "9"]
[White "Izoria,Z"]
[Black "Bagaturov,G"]
[Result "1-0"]
[WhiteElo "2565"]
[BlackElo "2437"]

1.c4 Nf6 2.Nc3 g6 3.e4 d6 4.d4 Bg7 5.Be2 O-O 6.Nf3 e5 7.O-O Na6 8.Be3 c6
9.dxe5 dxe5 10.Qxd8 Rxd8 11.h3 Nd7 12.Rfd1 Re8 13.a3 Nac5 14.b4 Ne6 15.c5 h6
16.Bc4 Nf4 17.Rd6 Bf8 18.Rd2 Bg7 19.Rad1 Nf8 20.Kh2 Be6 21.Bf1 f5 22.exf5 gxf5
23.Bxf4 exf4 24.Ne2 Bb3 25.Rc1 Bd5 26.Nfd4 Ng6 27.Nxf5 f3 28.Neg3 Be5 29.Bc4 Bxc4
30.Rxc4 Rad8 31.Nxh6+ Kf8 32.Rxd8 Rxd8 33.Rg4 Ne7 34.gxf3 Rd3 35.f4 Bb2 36.Ne4 Bg7
37.Rh4 Rxa3 38.f5 Rf3 39.Kg2 Nxf5 40.Nxf5 Rxf5 41.Nd6 Rg5+ 42.Kf1 b6 43.Rf4+ Kg8
44.cxb6 axb6 45.Nc8 Bf8 46.Nxb6 Rb5 47.Nc4 Bxb4 48.h4 Be7 49.Kg2 Kg7 50.Re4 Bf6
51.Kg3 Rh5 52.Ne3 c5 53.f4 Rh8 54.f5 Rd8 55.h5 Kh6 56.Ng4+ Kxh5 57.Nxf6+ Kg5
58.Ng4 Kxf5 59.Re5+ Kg6 60.Re6+ Kg5 61.Re5+ Kg6 62.Ne3 Rd4 63.Kf3 c4 64.Re6+ Kg5
65.Rc6 Rf4+ 66.Kg3 Rd4 67.Rc5+ Kf6 68.Kf3 Ke6 69.Nxc4 Rh4 70.Nd2 Rh3+ 71.Ke4 Rh4+
72.Ke3 Kd6 73.Rg5 Ke6 74.Ra5 Rb4 75.Ne4 Rb1 76.Ng5+ Kd6 77.Kf4 Kc6 78.Ne4 Rb4
79.Rc5+ Kb6 80.Rc1 Rb5 81.Ke3 Rd5 82.Nc3 Rd8 83.Ke4 Kc5 84.Ne2+ Kd6 85.Rd1+ Ke7
86.Nd4 Kf6 87.Rf1+ Kg6 88.Ke5 Ra8 89.Rf6+ Kg5 90.Rb6 Ra5+ 91.Ke4 Ra4 92.Rb5+ Kg4
93.Ke5 Ra1 94.Rb3 Re1+ 95.Kf6 Rf1+ 96.Kg6 Rf4 97.Ne6 Ra4 98.Kf6 Ra5 99.Nd4 Kf4
100.Rb4 Ra6+ 101.Nc6+ Kg3 102.Rc4 Rb6 103.Kf5 Rb1 104.Rc3+ Kf2 105.Ne5 Rb5
106.Kf4 Rb4+ 107.Nc4 Ke2 108.Ke4 Kf2 109.Rc2+ Kg3 110.Kf5 Rb8 111.Nd6 Rf8+
112.Ke5 Kf3 113.Rc3+ Kg4 114.Rc1 Ra8 115.Rc4+ Kf3 116.Rf4+ Ke3 117.Nf5+ Kd3
118.Rf3+ Kd2 119.Rh3 Re8+ 120.Kd5 Ra8 121.Nd6 Ra5+ 122.Kd4 Kc2 123.Nc4 Ra6
124.Rh2+ Kb3 125.Rb2+  1-0

[Event "Ron Banwell"]
[Site "Coulsdon ENG"]
[Date "2002.08.26"]
[Round "10"]
[White "Broomfield,M"]
[Black "Gilbert,Je"]
[Result "1-0"]
[WhiteElo "2229"]
[BlackElo "2113"]

1.d4 Nf6 2.Nf3 g6 3.c4 Bg7 4.Nc3 O-O 5.e4 d6 6.Be2 e5 7.Be3 Nc6 8.d5 Ne7
9.Nd2 Ne8 10.b4 f5 11.f3 Bd7 12.c5 Kh8 13.Nc4 Ng8 14.O-O f4 15.Bf2 g5 16.Na5 Bc8
17.Rc1 Rf6 18.Nb5 a6 19.Na3 h5 20.N3c4 Rb8 21.cxd6 cxd6 22.Ba7 Ra8 23.Bb6 Qe7
24.Bf2 Bd7 25.Nxb7 Bb5 26.Nba5 Bxc4 27.Rxc4 Rg6 28.g4 fxg3 29.hxg3 Ngf6 30.Kg2 Kg8
31.g4 Qd7 32.Rh1 h4 33.Rc6 Nc7 34.Nc4 Rb8 35.Rxd6 Qe8 36.Rc6  1-0

[Event "VI BCX"]
[Site "Brasilia BRA"]
[Date "2002.08.27"]
[Round "3"]
[White "Valle,A"]
[Black "Matsuura,E"]
[Result "1-0"]
[WhiteElo "2231"]
[BlackElo "2450"]

1.d4 Nf6 2.Nf3 g6 3.c4 Bg7 4.Nc3 O-O 5.e4 d6 6.Be2 e5 7.O-O Nh5 8.g3 Nc6
9.Be3 Nf6 10.d5 Ne7 11.Ne1 Nd7 12.f3 f5 13.g4 fxg4 14.fxg4 Rxf1+ 15.Kxf1 h6
16.h4 Nf6 17.g5 Nh5 18.Bxh5 gxh5 19.Qxh5 Bh3+ 20.Kg1 Qd7 21.gxh6 Bf6 22.Kh2 Rf8
23.Nd3 Qc8 24.Rg1+ Kh8 25.Bg5 Bd7 26.Bxf6+ Rxf6 27.Qg5 Rf7 28.Nxe5 Rf2+ 29.Rg2 Rxg2+
30.Kxg2  1-0

[Event "XIV Open"]
[Site "Porto San Giorgio ITA"]
[Date "2002.08.28"]
[Round "9"]
[White "Karr,JP"]
[Black "Bruned,Y"]
[Result "0-1"]
[WhiteElo "2404"]
[BlackElo "2029"]

1.d4 Nf6 2.c4 g6 3.Nc3 Bg7 4.e4 d6 5.Nf3 O-O 6.Be2 e5 7.Be3 Ng4 8.Bg5 f6
9.Bh4 Nc6 10.d5 Ne7 11.Nd2 Nh6 12.g4 f5 13.gxf5 gxf5 14.exf5 Nhxf5 15.Bg3 Nd4
16.Bd3 Bf5 17.Bxf5 Nexf5 18.Nce4 a5 19.O-O Nh4 20.Rc1 Ng6 21.Rc3 Rf5 22.Kh1 Qe7
23.Rg1 b6 24.h3 Kh8 25.Qg4 Raf8 26.Rg2 Bh6 27.Rd3 Nf4 28.Bxf4 Rxf4 29.Qd1 Rh4
30.Rg4 Bxd2 31.Nxd2 Rxf2 32.Rdg3 Rxg4 33.Qxg4 Rf8 34.Ne4 Rf1+ 35.Kh2 Qf8
36.Ng5 Rf4 37.Qd7 Rf2+ 38.Kh1 Rf1+ 39.Rg1 Rxg1+ 40.Kxg1 Qg8 41.Qd8 Qxd8 42.Nf7+ Kg7
43.Nxd8 Kf6 44.Kf2 Ke7 45.Nc6+ Nxc6 46.dxc6 Ke6 47.Ke3 d5  0-1

[Event "ch-RUS"]
[Site "Krasnodar RUS"]
[Date "2002.08.30"]
[Round "4"]
[White "Malinin,Y"]
[Black "Dashko,A"]
[Result "0-1"]
[WhiteElo "2412"]
[BlackElo "2401"]

1.d4 Nf6 2.c4 g6 3.Nc3 Bg7 4.e4 d6 5.Nf3 O-O 6.Be2 e5 7.O-O exd4 8.Nxd4 Nc6
9.Be3 Re8 10.f3 Nh5 11.Qd2 Nf4 12.Rfd1 Nxe2+ 13.Ncxe2 Qe7 14.Nc3 f5 15.Nd5 Qf7
16.exf5 gxf5 17.Re1 a6 18.b3 Ne5 19.Rac1 b6 20.Ne2 Bb7 21.Nef4 Kh8 22.Kh1 Rg8
23.Rcd1 Rae8 24.Qf2 Bh6 25.Bd4 c6 26.Nxb6 Bxf4 27.c5 Qh5 28.Qg1 Re6 29.cxd6 c5
30.Bxe5+ Rxe5 31.Rxe5 Bxf3 32.Rd2 Bxd2 33.Qa1 Bxg2+ 34.Kg1  0-1

[Event "VI BCX"]
[Site "Brasilia BRA"]
[Date "2002.08.31"]
[Round "9"]
[White "Valle,A"]
[Black "Guimaraes,W"]
[Result "0-1"]
[WhiteElo "2231"]
[BlackElo "2272"]

1.d4 Nf6 2.Nf3 g6 3.c4 Bg7 4.Nc3 O-O 5.e4 d6 6.Be2 e5 7.d5 a5 8.Bg5 h6 9.Bh4 Na6
10.Nd2 Qe8 11.O-O Bd7 12.b3 Nh7 13.a3 Bf6 14.Bxf6 Nxf6 15.Qc2 h5 16.Qd3 Qe7
17.h3 Nh7 18.f4 exf4 19.Rxf4 Qe5 20.Raf1 Nc5 21.Qe3 Qg5 22.R1f2 Rae8 23.Nf3 Qg3
24.Rh4 f5 25.Bd1 fxe4 26.Nxe4 Rxf3 27.Qxf3 Qxh4 28.Qf7+ Kh8 29.Nxc5 Rf8 30.Qxf8+ Nxf8
31.Rxf8+ Kg7 32.Nxd7 Qd4+ 33.Kh2 Qxd1 34.Rf3 a4 35.bxa4 Qxa4 36.Nf8 Qxc4
37.Ne6+ Kg8 38.Rf8+ Kh7 39.Rf7+ Kh6 40.Rf8 g5 41.Rf6+ Kh7 42.Rf7+ Kg6 43.Rxc7 Qxd5
44.Nf8+ Kf5 45.Nd7 h4 46.Rc3 Ke6 47.Nf8+ Kf7 48.Rf3+ Qxf3 49.gxf3 Kxf8 50.Kg2 Kf7
51.f4 Kf6 52.Kf3 gxf4 53.Kxf4 d5 54.a4 b6 55.Kg4 Ke5 56.Kf3 Kd4 57.Ke2 Kc3  0-1

[Event "GER-GRE Match"]
[Site "Fuerth GER"]
[Date "2002.08.31"]
[Round "1"]
[White "Gustafsson,J"]
[Black "Nikolaidis,I"]
[Result "1/2-1/2"]
[WhiteElo "2542"]
[BlackElo "2502"]

1.d4 Nf6 2.c4 g6 3.Nc3 Bg7 4.e4 d6 5.Nf3 O-O 6.Be2 e5 7.Be3 c6 8.d5 Ng4 9.Bg5 f6
10.Bh4 Na6 11.O-O c5 12.Ne1 Nh6 13.Nc2 Kh8 14.Kh1 Qe8 15.Bg3 Qe7 16.Ne3 f5
17.exf5 Nxf5 18.Nxf5 Bxf5 19.f3 Bh6 20.Bf2 Rae8 21.Bd3 Nb8 22.Qe2 b6 23.a3 Nd7
24.Ne4 Bg5 25.Be1 Kg8 26.Bc3 Bh6 27.Rae1 Nf6 28.Ng3 Bxd3 29.Qxd3 Qd7 30.Ne4  1/2-1/2

[Event "GM"]
[Site "Rostock GER"]
[Date "2002.08.31"]
[Round "8"]
[White "Stern,R"]
[Black "Szelag,M"]
[Result "1-0"]
[WhiteElo "2461"]
[BlackElo "2369"]

1.d4 Nf6 2.c4 g6 3.Nc3 Bg7 4.e4 O-O 5.Nf3 d6 6.Be2 Na6 7.O-O e5 8.Re1 c6
9.Bf1 Bg4 10.Be3 Ne8 11.Be2 Nec7 12.d5 f5 13.h3 Bh5 14.Nh2 Bxe2 15.Qxe2 Qd7
16.f3 cxd5 17.cxd5 Rfc8 18.Rec1 Nc5 19.Nf1 fxe4 20.fxe4 N7a6 21.Nd2 Nb4 22.Nf3 Nbd3
23.Rc2 Nf4 24.Bxf4 exf4 25.Rac1 Re8 26.b4 Na6 27.a3 Re7 28.Nd1 Rae8 29.Nf2 Qd8
30.Qb5 h6 31.Kh2 Qb6 32.Qxb6 axb6 33.Kg1 b5 34.Kf1 Bf6 35.Ke2 Rd7 36.Kd3 Kf7
37.Nd4 Bxd4 38.Kxd4 g5 39.Rc8 Nc5 40.R8xc5 dxc5+ 41.Rxc5 Ra8 42.e5 Kg6 43.Rxb5 Rxa3
44.Rb6+ Kg7 45.e6 Re7 46.Ke5 Re3+ 47.Kd6 Kf8 48.Ng4 Ke8 49.Nf6+ Kd8 50.Nd7 f3
51.gxf3 Rxd7+ 52.exd7 Rxf3 53.Rxb7 Rf6+ 54.Kc5 h5 55.b5 g4 56.hxg4 hxg4 57.b6 g3
58.Rb8+ Kxd7 59.Rg8 g2 60.Rxg2 Rf1 61.Rg7+ Kc8 62.b7+ Kb8 63.d6 Rc1+ 64.Kd5 Rd1+
65.Ke6 Re1+ 66.Kd7 Kxb7 67.Rg2 Rb1 68.Rc2 Rb3 69.Re2 Rh3 70.Rb2+ Ka7 71.Kc7 Rc3+
72.Kd8 Rd3 73.d7 Rd1 74.Rb4 Rd2 75.Ke7 Re2+ 76.Kd6 Rd2+ 77.Ke6 Rd1 78.Rb5  1-0

[Event "ch-RUS"]
[Site "Krasnodar RUS"]
[Date "2002.09.01"]
[Round "6"]
[White "Turov,M"]
[Black "Vorobiov,E"]
[Result "1-0"]
[WhiteElo "2518"]
[BlackElo "2542"]

1.c4 g6 2.d4 Nf6 3.Nc3 Bg7 4.e4 d6 5.Nf3 O-O 6.Be2 e5 7.Be3 Na6 8.O-O Ng4
9.Bg5 Qe8 10.dxe5 dxe5 11.h3 h6 12.Bd2 Nf6 13.Be3 Nh5 14.c5 Nf4 15.Bb5 c6
16.Bxa6 bxa6 17.Bxf4 exf4 18.e5 Rb8 19.b3 Bf5 20.Qd4 g5 21.Ne4 Qe6 22.Rfe1 Rfd8
23.Nd6 Bg6 24.Qa4 Qd5 25.Rad1 Qxc5 26.Nb7 Rxb7 27.Rxd8+ Kh7 28.Qxa6 Qb6 29.Qxb6 axb6
30.Red1 Ra7 31.R1d7 Rxa2 32.e6 fxe6 33.Re7  1-0

[Event "21st NAO"]
[Site "Las Vegas USA"]
[Date "2002.09.01"]
[Round "6"]
[White "Donaldson,J"]
[Black "Brooks,M"]
[Result "1/2-1/2"]
[WhiteElo "2437"]
[BlackElo "2511"]

1.Nf3 Nf6 2.c4 g6 3.Nc3 Bg7 4.d4 d6 5.e4 O-O 6.Be2 e5 7.dxe5 dxe5 8.Qxd8 Rxd8
9.Nd5 Nxd5 10.cxd5 c6 11.Bc4  1/2-1/2

[Event "Banc-Post A1"]
[Site "Miercurea Ciuc ROM"]
[Date "2002.09.01"]
[Round "9"]
[White "Stuermer,M"]
[Black "Fugulyan,G"]
[Result "0-1"]
[WhiteElo "2052"]
[BlackElo "2087"]

1.Nf3 d6 2.c4 Nf6 3.d4 g6 4.Nc3 Bg7 5.e3 O-O 6.Be2 Nbd7 7.O-O e5 8.e4 c6
9.h3 Nh5 10.dxe5 dxe5 11.Re1 a5 12.Be3 Nf4 13.Bf1 Qe7 14.Qc1 Qf6 15.Ne2 Nxh3+
16.Kh2 Nf4 17.Nxf4 exf4 18.Bd4 Qe7 19.Bxg7 Kxg7 20.Qxf4 Qf6 21.Qxf6+ Nxf6
22.Rad1 Bg4 23.Re3 Rad8 24.Be2 Rxd1 25.Bxd1 Rd8 26.Be2 Bxf3 27.Bxf3 Rd2 28.Rb3 g5
29.e5 Nd7 30.e6 fxe6 31.Rxb7 Kf6 32.Bxc6 Ne5 33.Be8 Nxc4 34.Rf7+ Ke5 35.Rxh7 Rxb2
36.a4 Rxf2 37.Kg3 Rd2 38.Ra7 Rd5 39.Bc6 Rc5 40.Bd7 Nd6 41.Kg4 Kf6 42.Ra6 Rc4+
43.Kf3 g4+ 44.Ke3 Nf5+ 45.Kf2 g3+ 46.Ke1 Re4+ 47.Kf1 Nd4 48.Bb5 Nc2 49.Be2 Rxa4
50.Bf3 Nd4 51.Ke1 Ra1+ 52.Kd2  0-1

[Event "GER-GRE Match"]
[Site "Fuerth GER"]
[Date "2002.09.02"]
[Round "3"]
[White "Gustafsson,J"]
[Black "Banikas,H"]
[Result "1-0"]
[WhiteElo "2542"]
[BlackElo "2521"]

1.d4 Nf6 2.c4 g6 3.Nc3 Bg7 4.e4 d6 5.Nf3 O-O 6.Be2 e5 7.Be3 Qe7 8.dxe5 dxe5
9.Nd5 Nxd5 10.cxd5 c6 11.d6 Qd7 12.h4 b6 13.h5 Ba6 14.hxg6 hxg6 15.Bh6 Bxh6
16.Rxh6 Rd8 17.Nxe5 Qe6 18.Qd4 Rxd6 19.Qc3 Qf6 20.Rd1 Re6 21.f4 c5 22.Bg4 Re8
23.Rd6 Qxd6 24.Rh8+ Kg7 25.Rxe8 Qd4 26.Qxd4 cxd4 27.Re7 Kg8 28.Rxf7 Nc6 29.Be6  1-0

[Event "GER-GRE Match"]
[Site "Fuerth GER"]
[Date "2002.09.02"]
[Round "3"]
[White "Bischoff,K"]
[Black "Nikolaidis,I"]
[Result "1-0"]
[WhiteElo "2554"]
[BlackElo "2502"]

1.Nf3 Nf6 2.c4 g6 3.Nc3 Bg7 4.e4 O-O 5.d4 d6 6.Be2 e5 7.O-O Na6 8.Re1 c6
9.Bf1 Bg4 10.d5 Nb4 11.Be2 a5 12.Be3 Kh8 13.a3 Na6 14.h3 Bd7 15.Qd2 Qe7 16.Rad1 c5
17.Nh2 Rfe8 18.Kh1 Qf8 19.Rf1 Re7 20.Rde1 Nc7 21.a4 Rae8 22.Bd1 Bc8 23.Bg5 h6
24.Bh4 Rd7 25.g4 Nh7 26.Bg3 g5 27.h4 f6 28.Kg2 Qe7 29.hxg5 fxg5 30.Rh1 Nf8
31.Nf1 Ng6 32.Ne3 Nf4+ 33.Bxf4 exf4 34.Nf5 Qf8 35.Rh3 Rf7 36.Reh1 Bxf5 37.gxf5 Re5
38.Bh5 Rfe7 39.f3 Ne8 40.Bxe8 Rxe8 41.Rh5 Qf6  1-0

[Event "Southern California Open"]
[Site "Los Angeles USA"]
[Date "2002.09.02"]
[Round "6"]
[White "Kraai,J"]
[Black "Matikozian,A"]
[Result "1/2-1/2"]
[WhiteElo "2439"]
[BlackElo "2421"]

1.Nf3 Nf6 2.c4 g6 3.Nc3 Bg7 4.e4 d6 5.d4 O-O 6.Be2 e5 7.O-O exd4 8.Nxd4 Re8
9.f3 Nc6 10.Be3 Nh5 11.Qd2 f5 12.Rad1 Nxd4 13.Bxd4 Nf6 14.Bd3 fxe4 15.Nxe4 Bd7
16.Qc3 Rf8 17.Rfe1 b6 18.Nxf6+ Bxf6 19.Be4 Rb8 20.Re2 Kh8 21.Bd5 a5 22.Rde1 Bxd4+
23.Qxd4+ Qf6 24.Qxf6+ Rxf6 25.Re7 Rd8 26.Kf2 c6 27.Bf7 Bf5 28.Rc7 Rd7 29.Rxd7 Bxd7
30.Re7 Bf5 31.Rc7 Bb1 32.a3 Ba2 33.b4 axb4 34.axb4 d5 35.cxd5 cxd5  1/2-1/2

[Event "Kaissa I"]
[Site "Alushta UKR"]
[Date "2002.09.03"]
[Round "4"]
[White "Agamaliev,G"]
[Black "Nikitin,An"]
[Result "1-0"]
[WhiteElo "2489"]
[BlackElo "2471"]

1.d4 Nf6 2.Nf3 g6 3.c4 Bg7 4.Nc3 d6 5.e4 O-O 6.Be2 Nbd7 7.O-O e5 8.d5 Nc5
9.Qc2 a5 10.Bg5 h6 11.Be3 b6 12.Nd2 Nh7 13.Rae1 f5 14.exf5 Bxf5 15.Nde4 Qh4
16.Bxc5 bxc5 17.Bd3 Rab8 18.b3 h5 19.Ng3 Qg5 20.Nge4 Qe7 21.Nd1 h4 22.Nec3 h3
23.g3 Qd7 24.Kh1 Ng5 25.f4 exf4 26.gxf4 Nh7 27.Ne3 Rbe8 28.Nxf5 Rxe1 29.Rxe1 gxf5
30.Nb5 c6 31.Nc3 Bxc3 32.Qxc3 Nf6 33.Be2 Ng4 34.Bf3 Kh7 35.dxc6 Qd8 36.Bxg4 fxg4
37.Qd3+ Kh8 38.Re6 Qh4 39.c7 Rc8 40.Qxd6 Qf2 41.Rh6+  1-0

[Event "GP"]
[Site "Izmir TUR"]
[Date "2002.09.03"]
[Round "7"]
[White "Ionescu,Cr"]
[Black "Topel,Z"]
[Result "0-1"]
[WhiteElo "2242"]
[BlackElo "2067"]

1.c4 Nf6 2.Nf3 g6 3.Nc3 Bg7 4.e4 d6 5.d4 O-O 6.Be2 e5 7.Be3 Ng4 8.Bg5 f6
9.Bh4 Nc6 10.d5 Ne7 11.Nd2 Nh6 12.f3 f5 13.O-O f4 14.Bf2 g5 15.c5 Ng6 16.Nc4 b6
17.b4 Rf7 18.a4 Bf8 19.a5 bxc5 20.bxc5 Rg7 21.c6 Nh4 22.h3 Qe8 23.Bd3 Nxg2
24.Kxg2 Bxh3+ 25.Kxh3 Qh5+ 26.Kg2 g4 27.Bg3 Qh3+ 28.Kf2 gxf3 29.Qxf3 Rxg3
30.Qh1 Ng4+ 31.Ke1 Qxh1 32.Rxh1 Rxd3 33.Nb5 Rb8 34.Ke2 Rxb5 35.Kxd3 Nf2+
36.Kc3 Nxe4+ 37.Kc2 Rxd5 38.Rhg1+ Kf7 39.Rab1 Rc5 40.Kd3 Ng3 41.Nd2 Rxa5
42.Rb7 Rd5+ 43.Kc2 Rc5+ 44.Kd3 Rxc6 45.Rxa7 d5 46.Nb3 e4+ 47.Kd2 Bb4+ 48.Kd1 Rc3
49.Nc1 Rxc1+ 50.Kxc1 Ne2+ 51.Kd1 Nxg1 52.Rxc7+ Ke6 53.Rxh7 e3  0-1

[Event "ch-RUS"]
[Site "Krasnodar RUS"]
[Date "2002.09.03"]
[Round "8"]
[White "Volkov,S"]
[Black "Nevostrujev,V"]
[Result "0-1"]
[WhiteElo "2636"]
[BlackElo "2502"]

1.d4 Nf6 2.c4 g6 3.Nc3 Bg7 4.e4 O-O 5.Nf3 d6 6.Be2 e5 7.Be3 Ng4 8.Bg5 f6
9.Bc1 Nc6 10.d5 Ne7 11.h3 Nh6 12.h4 Nf7 13.h5 c5 14.hxg6 hxg6 15.Be3 Bd7
16.Nh4 a6 17.g3 Rb8 18.Bg4 Qc8 19.Bxd7 Qxd7 20.a4 b6 21.Qe2 Nh8 22.f4 f5
23.Qh2 exf4 24.Bxf4 fxe4 25.Nxe4 Nxd5 26.Nf3 Rfe8 27.Ng5 Rxe4+ 28.Nxe4 Nxf4
29.O-O-O Nh5 30.Nxd6 Qxa4 31.Kb1 b5 32.g4 bxc4 33.Nxc4 Nf4 34.Rc1 Nf7 35.Rc2 g5
36.Qh7+ Kf8 37.Qf5 Qc6 38.Rd1 Kg8 39.Rd7 Qe6 40.Qxe6 Nxe6 41.Ra7 Rb4 42.Rxa6 Nd4
43.Ra8+ Kh7 44.Rh2+ Nh6 45.Ne3 Nf3 46.Rc2 Re4 47.Nd5 c4 48.Rf2 Ne5 49.Re8 Nhxg4
50.Rf5 Nf3 51.Rxe4 Nd2+ 52.Kc2 Nxe4 53.b4 cxb3+ 54.Kxb3 Nh6 55.Rxg5 Nxg5
56.Kc4 Kg6 57.Nf4+ Kf5 58.Nd5 Ke4 59.Nc3+ Ke5 60.Na4 Nf5 61.Nc5 Nd6+ 62.Kd3 Nge4
63.Nxe4 Nxe4 64.Kc4 Ke6 65.Kd3 Kd5 66.Ke3 Bd4+ 67.Kf4 Nd6 68.Kf3 Ke5 69.Kg3 Ke4
70.Kg4 Nf7 71.Kg3 Ne5 72.Kg2 Kf4 73.Kh3 Bf2 74.Kg2 Ke3  0-1

[Event "ch-RUS"]
[Site "Krasnodar RUS"]
[Date "2002.09.04"]
[Round "9"]
[White "Popov,Val"]
[Black "Inarkiev,E"]
[Result "1/2-1/2"]
[WhiteElo "2579"]
[BlackElo "2545"]

1.d4 Nf6 2.Nf3 g6 3.c4 Bg7 4.Nc3 O-O 5.e4 d6 6.Be2 e5 7.Be3 Ng4 8.Bg5 f6
9.Bc1 Kh8 10.h3 exd4 11.Nxd4 Ne5 12.O-O Nbc6 13.Be3 Nxd4 14.Bxd4 Nc6 15.Be3 f5
16.exf5 Bxf5 17.Qd2 Qf6 18.Rad1 a6 19.Rfe1 Rae8 20.Bf1 Qf7 21.b3 Ne5 22.Be2 g5  1/2-1/2

[Event "5th Pyramiden-Franken Cup"]
[Site "Fuerth GER"]
[Date "2002.09.06"]
[Round "7"]
[White "Werle,J"]
[Black "Efimenko,Z"]
[Result "0-1"]
[WhiteElo "2443"]
[BlackElo "2557"]

1.Nf3 Nf6 2.c4 g6 3.Nc3 Bg7 4.e4 d6 5.d4 O-O 6.Be2 Na6 7.O-O e5 8.Be3 Ng4
9.Bg5 Qe8 10.dxe5 dxe5 11.h3 h6 12.Bd2 Nf6 13.Be3 Nh5 14.c5 Nf4 15.Bxa6 bxa6
16.Nd5 Nxd5 17.Qxd5 Rb8 18.Qd2 Kh7 19.Qc2 f5 20.exf5 gxf5 21.Nd2 Qg6 22.Nb3 Bb7
23.f3 e4 24.f4 Rbd8 25.Qf2 Rg8 26.Rac1 Bc6 27.Rc2 Bf6 28.Kh2 Rd3 29.Nc1 Bh4
30.Qxh4 Rxe3 31.Rg1 Rg3 32.Nb3 e3 33.Nd4 Rxg2+  0-1

[Event "5th Pyramiden-Franken Cup"]
[Site "Fuerth GER"]
[Date "2002.09.06"]
[Round "7"]
[White "Wells,P"]
[Black "Bromberger,S"]
[Result "1-0"]
[WhiteElo "2479"]
[BlackElo "2411"]

1.d4 Nf6 2.c4 g6 3.Nc3 Bg7 4.e4 d6 5.Nf3 O-O 6.Be2 e5 7.Be3 Ng4 8.Bg5 f6
9.Bh4 Nc6 10.d5 Ne7 11.Nd2 h5 12.h3 Nh6 13.g4 hxg4 14.hxg4 Nf7 15.Qc2 c5
16.O-O-O Bh6 17.Bxf6 Bg5 18.Bxg5 Nxg5 19.Qd3 Kg7 20.Qg3 Ng8 21.Qh4 Qf6 22.f4 exf4
23.Nf3 Nxf3 24.Qh7+  1-0

[Event "It"]
[Site "Tula RUS"]
[Date "2002.09.08"]
[Round "5"]
[White "Perun,S"]
[Black "Gusev,Al"]
[Result "1-0"]
[WhiteElo "2367"]
[BlackElo "2412"]

1.d4 Nf6 2.c4 g6 3.Nc3 Bg7 4.e4 O-O 5.Nf3 d6 6.Be2 Nbd7 7.O-O e5 8.Re1 h6
9.Bf1 Nh7 10.Be3 Ng5 11.Nxg5 hxg5 12.Qd2 exd4 13.Bxd4 Ne5 14.Be3 g4 15.Rad1 Be6
16.b3 c6 17.Ne2 Re8 18.Nf4 Bf8 19.Nxe6 Rxe6 20.c5 Qc7 21.cxd6 Rxd6 22.Qc2 Rad8
23.Be2 Qa5 24.Kf1 Rxd1 25.Rxd1 Rxd1+ 26.Bxd1 c5 27.Be2 Qd8 28.Qd2 Qxd2 29.Bxd2 Bd6
30.f4 gxf3 31.gxf3 Nc6 32.f4 Nd4 33.Bg4 f5 34.exf5 Nxf5 35.Ke2 Be7 36.Kd3 Nd6
37.Bc3 Kf7 38.Be5 b5 39.Bd7 a6 40.h3 Bf8 41.Ke3 Be7 42.Kd2 Bf8 43.Ke3 Be7
44.Bg4 Bf8 45.Be2 Ke6 46.Bd3 Nf5+ 47.Ke4 Bd6 48.Bc3 Be7 49.Kf3 Bf6 50.Bd2 Bd4
51.Ba5 Bf6 52.Be4 Be7 53.Bb7 Nd6 54.Bxa6 Kd5 55.a4 bxa4 56.bxa4 c4 57.Bc3 Kc5
58.Ke3  1-0

[Event "TCh-CRO"]
[Site "Medulin CRO"]
[Date "2002.09.09"]
[Round "1"]
[White "Kozul,Z"]
[Black "Tratar,M"]
[Result "1-0"]
[WhiteElo "2588"]
[BlackElo "2466"]

1.d4 d6 2.Nf3 Nf6 3.c4 g6 4.Nc3 Bg7 5.e4 O-O 6.Be2 e5 7.O-O exd4 8.Nxd4 Re8
9.f3 Nc6 10.Be3 Nh5 11.Qd2 Nxd4 12.Bxd4 Nf4 13.Rfd1 Bxd4+ 14.Qxd4 Qg5 15.Bf1 Be6
16.g3 Nh5 17.Rac1 c6 18.Qd2 Qc5+ 19.Kh1 Red8 20.g4 Ng7 21.Na4 Qe5 22.f4 Qf6
23.f5 Bc8 24.Qh6 Ne8 25.Nc3 gxf5 26.Qxf6 Nxf6 27.gxf5 Rd7 28.Be2 b6 29.Kg2 Bb7
30.Bf3 Re8 31.Kg3 Kf8 32.Kf4 h6 33.Rd2 Ke7 34.h3 Rdd8 35.Rcd1 Rd7 36.Re1 Kf8
37.b3 Rdd8 38.Nd1 Rd7 39.Nf2 c5 40.Red1 Red8 41.Ke3 Bc8 42.Ng4 Kg7 43.Rg1 Nxg4+
44.Bxg4 Kf6 45.Kf4 Rc7 46.Bf3 Rcd7 47.Rdg2 Rh8 48.Rg4 Rdd8 49.Rd1 Ke7 50.h4 Rhg8
51.Rxg8 Rxg8 52.e5 dxe5+ 53.Kxe5 f6+ 54.Kf4 Rd8 55.Bd5 Rh8 56.Rg1 Rh7 57.Rg8 Bd7
58.Ra8 Kd6 59.Rxa7 Bxf5 60.Ra6 Bd7 61.Rxb6+ Ke7  1-0

[Event "FSGM Sept"]
[Site "Budapest HUN"]
[Date "2002.09.11"]
[Round "5"]
[White "Pham Minh Hoang1"]
[Black "Lane,G"]
[Result "1/2-1/2"]
[WhiteElo "2354"]
[BlackElo "2446"]

1.Nf3 Nf6 2.c4 g6 3.Nc3 Bg7 4.e4 d6 5.d4 O-O 6.Be2 e5 7.O-O Na6 8.Be3 Ng4
9.Bg5 Qe8 10.h3 h6 11.Bc1 Nf6 12.dxe5 dxe5 13.Be3 Qe7 14.Nd5 Qd8 15.Qc1 Nxe4
16.Bxh6 c6 17.Bxg7 Kxg7 18.Nc3 Nxc3 19.Qxc3 f6 20.Rad1 Qe7 21.Rfe1 Nc5 22.Bf1 Ne6
23.Nh4 Nf4 24.g3 Nxh3+ 25.Bxh3 Bxh3 26.g4 Bxg4 27.Qg3 Qe6 28.Re4 Bh5 29.Rd6 Qf7
30.f4 Rae8 31.Qd3 Re7 32.Re3 Rfe8 33.f5 g5 34.Rg3 e4 35.Qe3 Kf8 36.Ng2 Rd7
37.Rd4 Re5 38.Rxe4 Rxf5 39.Qxa7 Rf3 40.Rxf3 Bxf3 41.Qa3+ Kg8 42.Qxf3 Qf8
43.Qf5 Qf7 44.Qf3 Rd2 45.Qe3 Rd8 46.b3 Qh5 47.Re7 Qd1+ 48.Kh2 Qd6+ 49.Kg1 Qd1+
50.Qe1 Qd4+ 51.Kh1 Kf8 52.Rxb7 Re8 53.Qg1 Qg4 54.Qc5+ Kg8 55.Qxc6 Rd8 56.Qxf6 Rd1+
57.Kh2 Qh5+ 58.Kg3 Rd3+ 59.Kf2 Rd2+ 60.Kg3 Rd3+  1/2-1/2

[Event "TCh-CRO"]
[Site "Medulin CRO"]
[Date "2002.09.11"]
[Round "3"]
[White "Shariyazdanov,A"]
[Black "Kozul,Z"]
[Result "1-0"]
[WhiteElo "2562"]
[BlackElo "2588"]

1.d4 Nf6 2.c4 g6 3.Nc3 Bg7 4.e4 d6 5.Be2 O-O 6.Nf3 e5 7.O-O c6 8.Re1 Na6
9.Bf1 Bg4 10.d5 Nb4 11.Be2 a5 12.Bg5 Na6 13.h3 Bd7 14.Qd2 Nc5 15.Bf1 cxd5
16.cxd5 Qb8 17.Rab1 Kh8 18.b4 axb4 19.Rxb4 Ng8 20.Be3 Qc7 21.Bxc5 Qxc5 22.Rxb7 Bh6
23.Qb2 Bc8 24.Rb5 Qc7 25.Rb6 f5 26.Rc6 Qe7 27.Qb4 Bd7 28.Rb6 Rac8 29.exf5 Bxf5
30.Nb5 Rfd8 31.Nxd6 e4 32.Nd4 Nf6 33.N4xf5 gxf5 34.Nxc8 Qxb4 35.Rxb4 Bd2
36.Reb1 Bxb4 37.Rxb4 Rxc8 38.d6 Rc1 39.Rd4 Nd7 40.g4 Kg7 41.gxf5 Kf6 42.Rxe4 Rd1
43.Kg2 Kxf5 44.Re7 Rxd6 45.Rxh7 Ne5 46.Rh5+ Kf4 47.Rh4+ Kf5 48.Bb5 Rd2 49.a4 Ra2
50.Rd4 Ra3 51.h4 Ng6 52.h5 Nf4+ 53.Rxf4+ Kxf4 54.h6 Rc3 55.h7 Rc8 56.Bc4  1-0

[Event "FSGM Sept"]
[Site "Budapest HUN"]
[Date "2002.09.13"]
[Round "7"]
[White "Bui Vinh"]
[Black "Lane,G"]
[Result "1/2-1/2"]
[WhiteElo "2444"]
[BlackElo "2446"]

1.d4 Nf6 2.c4 g6 3.Nc3 Bg7 4.e4 d6 5.Be2 O-O 6.Nf3 e5 7.d5 a5 8.Bg5 h6 9.Bh4 Na6
10.O-O Qe8 11.Nd2 Nh7 12.a3 Bd7 13.b3 h5 14.f3 Bf6 15.Bf2 Qe7 16.Rb1 c5 17.dxc6 bxc6
18.b4 axb4 19.axb4 Rfb8 20.b5 Nc5 21.Nb3 Ne6 22.Re1 Nf4 23.Bf1 h4 24.c5 cxb5
25.cxd6 Qe8 26.Nc5 Nf8 27.Nd5 Nxd5 28.Qxd5 Bc6 29.Qd2 Ne6 30.Red1 Nxc5 31.Bxc5 Qe6
32.Rb2 Qd7 33.Bf2 Kg7 34.h3 Ra4 35.Qc3 b4 36.Qc5 b3 37.Rdb1 Rab4 38.Rc1 Ba4
39.Qc7 Bd8 40.Qc5 R8b6 41.Ra1 Rc6 42.Qa7 Rc2 43.Bd3 Rc3 44.Bf1 Rc2 45.Bd3 Rc3  1/2-1/2